000 00471nam a2200217Ia 4500
001 110271
003 YMCAF
005 20230512162415.0
008 100717s2001 ||||||||||||||||| ||und|d
024 _a110271
035 _aWB1258
040 _aYMCAF
_beng
_cIN-KoLT
041 _aeng
082 _a006.74
_bPOW
100 _aPowell, Thomas A
245 0 _aHTML- programmers reference
250 _a2nd
260 _bTMH
_c2001
300 _a436
942 _2ddc
_cBK
999 _c11809
_d11809